zpět

Detail výsledku týmu

Tyršovka, Ústí nad Labem

Datum a čas kvízu

27.5 Celkem bodů Celkový počet nahraných bodů na tomto kvízu bez doplňovacích otázek.
8. Pořadí na kvízu Konečné umístění týmu na tomto kvízu.

Zaznamenané odpovědi

# Otázka Odpověď Body Výsledky
1. V pražské zoo se samici jménem... B) vombat 1
2. Úřady v japonském Tokiu rozhod... D) budova brání výhledu na horu Fudži 1
3. Minulý týden vyšel první video... Monkey Business 1
4. Zavedená česká společnost ozná... Seznam 0
5. Na evropském atletickém šampio... Andrea Železná 0
6. Téma začneme u Arnolda Schwarz... Olympia, Universe 0.5
7. George Weah byl v letech 2018... AC Milán 0
8. Ve kterém sportu reprezentoval... skoky na lyžích 1
9. Také hokejisty to táhne po kon... mistrovství světa, olympijské hry, Stanley Cup 1
10. Pavel Bém je bývalým pražským... lékař (psychiatr) 1